000 00500nam a2200181Ia 4500
008 230711s9999||||xx |||||||||||||| ||und||
020 _a978-0-85709-770-5
041 _aENG
082 _a677.0283
_bDA-C
100 _aDas,Dipayan
245 0 _aComposite nonwoven materials
_bstructure, properties and applications
250 _a1st . Ed.
260 _c2014
_aCamberidge
_bWoodhead Publishing Ltd
300 _a233p.
650 _aTextile Engineering
700 _aPourdeyhimi,Behnam
942 _cBK
999 _c5824
_d5824